00650nam a22001697a 4500003000500000038001800005082000800023100002900031245013200060264003300192650003500225700004500260856005700305942001200362999001900374952008700393NUST aNusrat Nadeem a200 aAurangzeb, Maria9133140 aThe Impact of Media Literacy on Deepfake Awareness and Perception Among Pakistani Youth: An ELM Perspective/cMaria Aurangzeb,  aIslamabad:bS3H NUST.c2026. aMS-Mass Communication 9114380 aSupervisor: Dr. Sundus Mustaqeem9125681 uhttp://10.250.8.41:8080/xmlui/handle/123456789/57357 2ddccSC c616152d616152 00104070aCLbCLcTHEd2026-02-09l0o200pCL-T-7769r2026-02-09w2026-02-09ySC